000 00540nam a2200181Ia 4500
005 20250225161418.0
010 _aENG-143831
020 _a9789361592591
_c543.00
035 _aEN-127363
037 _bDBAD
082 _a530
_201
245 _aIIT Foundation:
_bIIT Physics/
250 _a01
260 _a Uttar Pradesh
_bpearson india education services
_c2025
270 _a1st Floor,Berger Tower, plot No.C-001A/2,Sector 16B, noida-201,301
_bNoida
300 _a550p.
_c28cm(pb)
942 _cEN
_2ddc
_mIIT
_h530
_e01
999 _c209254
_d209254